000 00353pab a2200157 454500
008 180718b2007 xxu||||| |||| 00| 0 eng d
100 _aMukherjee, Aditya
245 _aThe currency question in colonial India
260 _c2007
300 _ap.36-40.
362 _aAug
650 _aCurrencies
773 _aYojana
908 _aN
909 _a76873
999 _c76873
_d76873